| 000 | 00707nam a2200229 i 4500 | ||
|---|---|---|---|
| 001 | 91420 | ||
| 003 | ES-MaACL | ||
| 005 | 20250816062534.0 | ||
| 007 | t| | ||
| 008 | 050131s1985 sp ||||1| spa d | ||
| 020 | _a84-297-0967-3 | ||
| 100 | 1 |
_aLévy-Bruhl, Lucien. _972014 |
|
| 245 | 1 | 3 |
_aEl alma primitiva / _cLucien Lévy-Bruhl ; traducción de Eugenio Trías. |
| 250 | _a[2ª ed.]. | ||
| 260 |
_aBarcelona : _bPenínsula, _c1985. |
||
| 300 |
_a296 p. ; _c20 cm. |
||
| 490 | 1 |
_aHistoria, ciencia, sociedad ; _v106 |
|
| 650 | 0 | 4 |
_aSociedad primitiva. _917177 |
| 830 | 0 | 0 |
_aHistoria, ciencia, sociedad (Península) _v106 _9177444 |
| 852 |
_aES-MaACL _jL-10418 _bR.111508 |
||
| 999 |
_c91420 _d91420 |
||